000 00988nam a22002657a 4500
001 BR8700736
003 BR-BrBNA
005 20230928092348.0
007 ta
008 230509b bl.||||| |||| 00| 0 por d
040 _aBR-BrBNA
_bpor
_cBiblioteca Nacional de Agricultura
041 _a(Por)
072 _aE21
_b/G514
090 _ E21 BR8700736
100 1 _aLago, P.F. de A.
110 1 _aUniversidade Federal de Santa Catarina, Florianopolis (Brasil). Depto. de Geociencias
_0Tese (Livre Docente)
_910917
245 1 _aAnalise da extensao da influencia de uma empresa industrial do ramo tradicional: a SADIA - Concordia S.A. [Santa Catarina, Brasil]
260 3 _aFlorianopolis, SC (Brasil):
_c1974.
300 _a88 p.
500 _a(*) Documento disponível no(a) Instituto de Planejamento e Economia Agricola de Santa Catarina, Florianopolis (Brazil)
650 _aINDUSTRIA AGRICOLA
650 _aSANTA CATARINA
909 _a202309
_bLucia
_c55
_dLucia Elande
942 _cBK
999 _c38573
_d38573